Statistics for Escape From Ottawa to Brasília

Click here to take the quiz!

General Stats

  • This quiz has been taken 121 times
  • The average score is 7 of 9

Answer Stats

HintAnswer% Correct
OttawaWashington D.C.
99%
QuitoLima
80%
SantiagoBrasilia
78%
Buenos AiresMontevideo
75%
Panama CityBogota
73%
La PazAsuncion
71%
Mexico CityGuatemala City
69%
ManaguaSan Jose
62%
San SalvadorTegucigalpa
55%

Score Distribution

Percentile by Number Answered

Percent of People with Each Score

Your Score History

You have not taken this quiz